000 00749nam a22001577a 4500
999 _c63479
_d63479
003 Ge_BSU
005 20251017151008.0
008 251017s1958 ge ||||| |||| 00| 0 geo d
041 _ageo
080 _a657.1:35 ა-94
245 _aაღრიცხვა საბიუჯეტო დაწესებულებებში :
_bსახელმძღვანელო მასალების კრებული.
264 _aთბ. :
_b საქ. სსრ მეცნ. აკად. გამ-ბა,
_c1958.
300 _a344 გვ. ;
_b22 სმ.
653 _aსაბუღალტრო აღრიცხვა საბიუჯეტო დაწესებულებებში
942 _2udc
_cᲬᲘᲒᲜᲘ